000 00358nam a22001337a 4500
008 170623b xxu||||| |||| 00| 0 eng d
020 _a9781588265845
041 _aeng
080 _a32
100 _a21
101 _aSHP
245 _aDEVELOPMENT AND UNDER DEVELOPMENT THE POLITICAL ECONOMY OF GLOBAL INEQUALITY
_cSELIGSON.M.A
942 _2udc
_cBK
999 _c19050
_d19050